Statistiques concernant Daft Punk - Paroles de Harder, Better, Faster, Stronger

Cliquez ici pour prendre le quiz!

Statistiques générales

  • Ce quiz a été pris 102 fois
  • Le résultat moyen est 233 sur 331

Statistiques - réponses

Paroles% Correct
Better
100%
Faster
100%
Harder
100%
Stronger
100%
It
85%
Make
83%
Do
80%
Makes
65%
Us
65%
Work
62%
Over
60%
Never
58%
Is
57%
After
55%
Hour
50%
More
50%
Ever
49%
Than
49%

Distribution des résultats

Percentile par nombre de réponses

% des personnes avec chaque résultat

Votre développement - résultats

Vous n’avez pas pris ce quiz